Balkans et Caucase - Statistiques

Statistiques générales
  • Ce quiz a été pris 66 fois
  • Le résultat moyen est 12 sur 15
Statistiques - réponses
Answers % Correct
Arménie
93%
Azerbaïdjan
93%
Géorgie
91%
Albanie
88%
Kosovo
86%
Grèce
84%
Serbie
84%
Croatie
81%
Roumanie
79%
Bulgarie
77%
Monténégro
75%
Russie
74%
Slovénie
72%
Bosnie
70%
Macédoine du Nord
68%
Aucun quiz correspondant
Distribution des résultats
% des personnes avec chaque résultat
Percentile par nombre de réponses
Votre historique - résultats
Vous n’avez pas pris ce quiz